[Event "Cearense-ch 69th"]
[Site "Fortaleza"]
[Date "2000.10.15"]
[Round "8"]
[White "Dias Carvalho, Mauro"]
[Black "Do Carmo, Marcelo"]
[Result "1-0"]
[WhiteElo "2003"]
[BlackElo "1816"]
[PlyCount "87"]
[EventDate "2000.??.??"]
[EventType "swiss"]
[EventRounds "9"]
[EventCountry "BRA"]
[SourceTitle "EXT 2003"]
[Source "ChessBase"]
[SourceDate "2002.11.25"]
[SourceVersion "1"]
[SourceVersionDate "2002.11.25"]
[SourceQuality "1"]

1. e4 e6 2. d4 d5 3. e5 c5 4. c3 h6 5. Bd3 Qb6 6. Nf3 Nc6 7. 0-0 Bd7 8. Kh1 cxd4 9. cxd4 a6 10. Nc3 Be7 11. a3 Qa7 12. b4 Bd8 13. Be3 Bb6 14. Na4 Nge7 15. Nxb6 Qxb6 16. Nd2 0-0 17. Nb3 Kh8 18. Bb1 Be8 19. Qd3 Ng6 20. h4 Qb5 21. h5 Qxd3 22. Bxd3 Nge7 23. Nc5 Nd8 24. Rac1 Nec6 25. f4 f6 26. g4 f5 27. gxf5 exf5 28. Be2 Kg8 29. Bf3 Bf7 30. Nxb7 Nxb7 31. Rxc6 Nd8 32. Rc5 Nb7 33. Rxd5 Bxd5 34. Bxd5+ Kh8 35. Bxb7 Ra7 36. Bc6 Rc8 37. d5 Rf7 38. e6 Re7 39. Bc5 Rxe6 40. dxe6 Rxc6 41. e7 Re6 42. Rd1 Kg8 43. Rd8+ Kf7 44. Rf8# 1-0

[Event "Cearense-ch 69th"]
[Site "Fortaleza"]
[Date "2000.10.14"]
[Round "7"]
[White "Do Carmo, Marcelo"]
[Black "Wellington, Francisco"]
[Result "1-0"]
[WhiteElo "1887"]
[BlackElo "1816"]
[PlyCount "206"]
[EventDate "2000.??.??"]
[EventType "swiss"]
[EventRounds "9"]
[EventCountry "BRA"]
[SourceTitle "EXT 2003"]
[Source "ChessBase"]
[SourceDate "2002.11.25"]
[SourceVersion "1"]
[SourceVersionDate "2002.11.25"]
[SourceQuality "1"]

1. d4 f5 2. Nf3 d6 3. Nc3 Nf6 4. Bf4 g6 5. e3 Bg7 6. Bc4 c6 7. h3 a5 8. a3 d5 9. Ba2 0-0 10. 0-0 Kh8 11. Ne2 Nbd7 12. c4 e6 13. Bd6 Rg8 14. Ng5 Qe8 15. c5 h6 16. Nf3 Ne4 17. Bh2 g5 18. Nd2 e5 19. Nxe4 fxe4 20. f3 exd4 21. exd4 Nf6 22. Nc3 exf3 23. Qxf3 g4 24. hxg4 Bxg4 25. Qd3 Qd7 26. Rf2 Nh7 27. Raf1 Raf8 28. Bb1 Ng5 29. Rxf8 Rxf8 30. Rxf8+ Bxf8 31. Be5+ Bg7 32. Qg6 Kg8 33. Kh2 Qf7 34. Qxg7+ Qxg7 35. Bxg7 Kxg7 36. Kg3 Bh5 37. Kf4 Kf6 38. g4 Ne6+ 39. Kg3 Bg6 40. Bxg6 Kxg6 41. Ne2 Kg5 42. Kh3 Kf6 43. Kh4 Kg6 44. b3 Kf6 45. Kh5 Kg7 46. a4 Kh7 47. Kh4 Ng5 48. Kg3 Ne4+ 49. Kh4 Nd2 50. Kh5 Kg7 51. Nc1 Ne4 52. Kh4 Kg6 53. Ne2 Nd2 54. Nf4+ Kh7 55. Ne6 Nxb3 56. Nd8 Nxd4 57. Nxb7 Nb3 58. g5 d4 59. Kh5 hxg5 60. Nd6 d3 61. Ne4 d2 62. Nc3 Nxc5 63. Kxg5 Nxa4 64. Nd1 Nc5 65. Kf4 Kg7 66. Nc3 Ne6+ 67. Ke3 Kf6 68. Ke2 Ke5 69. Kxd2 Kd4 70. Na2 Nc5 71. Kc2 Kc4 72. Kb2 Nd3+ 73. Ka3 Nc5 74. Kb2 Na6 75. Ka3 Kd3 76. Kb2 Nc5 77. Ka3 Ke2 78. Kb2 Kd3 79. Ka3 a4 80. Nb4+ Kc3 81. Nxc6 Kc4 82. Ne5+ Kb5 83. Nf3 Nd3 84. Nd4+ Ka5 85. Nc2 Ne5 86. Ka2 Nc4 87. Ka1 Kb5 88. Ka2 Kc5 89. Ka1 Kd5 90. Ka2 Ke4 91. Ka1 Kd3 92. Ne1+ Kc3 93. Ka2 a3 94. Nf3 Kb4 95. Nd4 Ne3 96. Ne2 Nc2 97. Nc1 Kc4 98. Kb1 Kc5 99. Ka2 Kb4 100. Nd3+ Kb5 101. Nc1 Ka4 102. Ne2 Nb4+ 103. Ka1 Kb3 1-0

[Event "Cearense-ch 69th"]
[Site "Fortaleza"]
[Date "2000.10.07"]
[Round "4"]
[White "Ramon, Samuel"]
[Black "Do Carmo, Marcelo"]
[Result "0-1"]
[WhiteElo "1800"]
[BlackElo "1816"]
[PlyCount "78"]
[EventDate "2000.??.??"]
[EventType "swiss"]
[EventRounds "9"]
[EventCountry "BRA"]
[SourceTitle "EXT 2003"]
[Source "ChessBase"]
[SourceDate "2002.11.25"]
[SourceVersion "1"]
[SourceVersionDate "2002.11.25"]
[SourceQuality "1"]

1. d4 d5 2. c4 dxc4 3. Nf3 Nf6 4. Nc3 Bg4 5. Ne5 Bf5 6. Qa4+ Bd7 7. Qxc4 e6 8. Bg5 Be7 9. Nb5 Nc6 10. Nxd7 Qxd7 11. a3 a6 12. Nc3 Qxd4 13. e3 Qxc4 14. Bxc4 0-0 15. 0-0 Rfd8 16. Rad1 h6 17. Bf4 Bd6 18. Bxd6 cxd6 19. Rd2 Rac8 20. Rfd1 d5 21. Bb3 b5 22. Bc2 Na5 23. e4 Nc4 24. Re2 Nxb2 25. Nxd5 Nxd5 26. Rd4 Nc3 27. Rxd8+ Rxd8 28. Re3 Nba4 29. g3 Rd2 30. Bxa4 Nxa4 31. Kg2 Kf8 32. e5 Ke7 33. Rf3 a5 34. Rf4 Rd3 35. Re4 Rxa3 36. Rd4 b4 37. Rc4 b3 38. Rc7+ Ke8 39. Rb7 b2 0-1